00579nam a22001817a 450000500170000000800410001702000180005804000240007605000190010008200100011910000180012924500530014726001060020030000180030656300100032465000440033465000190037820251210132908.0251210b |||||||| |||| 00| 0 eng d a9789788424208 aNLNbEnglisheAACR2 aBV5082.3b.O52 a248.4 aOLUKOYA, D.K. aPower to recover your lost glory /cD.K. Olukoya aIkeja, Lagos(322, Herbert Macaulay Way, Yaba P.O. Box) :bThe Battle Cry Christian Ministries ,c2010 a56p. ;b21cm. a(pbk) aGloryvReligious aspects xChristianity aChristian life